Dr. Engel Mór temetése [rövid beszámoló]
Elmentve itt :
| Dokumentumtípus: | Cikk |
|---|---|
| Megjelent: |
1924-03-01
|
| Sorozat: | Délmagyarország
5 No. 51 |
| Kulcsszavak: | Engel Mór, Löw Immánuel, Temetés Szeged 1924, Szeged, Temetés |
| Online Access: | http://dmarchiv.bibl.u-szeged.hu/37333 |
| LEADER | 00469nab a2200145 i 4500 | ||
|---|---|---|---|
| 001 | delm37333 | ||
| 005 | 20180927112932.0 | ||
| 008 | 180927s1924 hu o 0|| hun d | ||
| 040 | |a SZTE Délmagyarország Archívum |b hun | ||
| 041 | |a hun | ||
| 245 | 0 | 0 | |a Dr. Engel Mór temetése |h [elektronikus dokumentum] : |b [rövid beszámoló] |
| 260 | |c 1924-03-01 | ||
| 300 | |a 3 | ||
| 490 | 0 | |a Délmagyarország |v 5 No. 51 | |
| 695 | |a Engel Mór, Löw Immánuel, Temetés Szeged 1924, Szeged, Temetés | ||